000 00752na a2200253 4500
001 16136
003 MIRAKIL
005 20181213155041.0
008 170213b tu 000 0
040 _aMilas
_btur
_cTR-AnCHP
041 _atur
082 _aCHP 324.247207
_bC63 1940-1941
090 _aCHP 324.247207 C85 1940-1941
245 _aC.H.P. Konferansları
_b13-24
246 _aCHP konferansları
260 _aAnkara
_b[CHP]
_c1940-1941
_fRecep Ulusoğlu Basımevi
300 _a13-24 c.
_c23 sm.
490 _aCHP Konferansları Serisi
_v13-24
500 _a13-24 arasındaki ciltler tek kitaptadır.
610 _aCHP
_xKonferanslar ve seminerler
650 _aKonferanslar
657 _aHalkevi konferansları
942 _2ddc
_cBKS
999 _c5582
_d5582